'How Many Letters?' Minefield Quiz Stats

 Plays Quiz Updated Apr 29, 2013

Also try: Alphabetical 1-100
Challenge
Share
Tweet
Embed
Score 0/80 Timer 03:00
4 Plays Today
Word Number of Letters % Correct
A???
32.2%
Of???
32%
To???
32%
List???
31.8%
Leo???
31.8%
Bush???
31.8%
Six???
31.8%
Our???
31.7%
Four???
31.7%
Zero???
31.7%
Mine???
31.7%
Dog???
31.7%
Bomb???
31.7%
Anna???
31.6%
Town???
31.5%
One???
31.4%
Two???
31.4%
Locke???
31.3%
Words???
31.1%
Found???
31.1%
Radon???
31%
Three???
31%
Idaho???
31%
Wilde???
30.8%
Being???
30.8%
Russia???
30.6%
Yellow???
30.6%
Hobbes???
30.6%
Seven???
30.6%
Oxygen???
30.4%
Orange???
30.3%
Fyodor???
30.3%
Obama???
30.2%
United???
30.1%
Theory???
30%
Animal???
30%
Wilder???
30%
Llamas???
30%
Horrors???
29.8%
Swords???
29.7%
Word Number of Letters % Correct
Tolstoy???
29.7%
Mercury???
29.7%
Baseball???
29.6%
Earnest???
29.6%
Seinfeld???
29.5%
Clinton???
29.4%
Banana???
29.4%
Nothing???
29.4%
Bologna???
29.4%
Titanic???
29.3%
Fifteen???
29%
Keyboard???
28.9%
Panama???
28.8%
Schedule???
28.8%
Devotion???
28.7%
Computer???
28.7%
Sporcle???
28.5%
Sorcerer???
28.5%
Milwaukee???
28.5%
Flounder???
28.5%
Hydrogen???
28.5%
Elements???
28.5%
Australia???
28.5%
Brothers???
28.5%
Cafeteria???
28.4%
Crossword???
28.4%
Karenina???
28.3%
Karamazov???
28.2%
Artichoke???
28.2%
Turquoise???
28.2%
Washington???
28%
Political???
27.9%
Fantastic???
27.9%
Importance???
27.6%
Literature???
27.5%
Dostoevsky???
27.5%
Unpleasant???
27.1%
Strength???
26.9%
Installments???
25.6%
Contemptuously???
24.4%

You're not logged in!

Compare scores with friends on all Sporcle quizzes.
OR
Log In

You Might Also Like...

Show Comments

Extras

Top Quizzes Today


Score Distribution

Your Account Isn't Verified!

In order to create a playlist on Sporcle, you need to verify the email address you used during registration. Go to your Sporcle Settings to finish the process.

Report this User

Report this user for behavior that violates our Community Guidelines.

Details: